=LDR 00000nam 2200000 4500 =001 INLIS000000000005903 =005 20130612094105 =008 ***********************************Ind** =035 ##$$0010-061300000005903 =041 ##$$a Ind =082 ##$$a 220 =090 ##$$a 220, Cer p =100 ##$$a CERMAT H.L =245 ##$$a Pedoman Alkitab praktis, Alkitab dari Imam datangnya, H.L. Cermat. -- =260 ##$$a 2000 $b Bandung =300 ##$$a 64 hlm, Ilus, 25 cm =650 ##$$a Alkitab =850 ##$$a NBPNMAT